000 00557 a2200193 4500
005 20251217113024.0
008 251217b |||||||| |||| 00| 0 eng d
020 _a9788123925196
_cRs. 350.00
040 _aMAIN
082 _a616.01
_bB231C
100 _aBaral, Bani
245 _aClinical microbiology laboratory manual and workbook with colour plates
260 _bCBS Publishers and Distributors
_aNew Delhi
_c2016
300 _a223
650 _aClinical Microbiology
650 _aLaboratory Manual
700 _aMandal, Anandita
942 _cBK
999 _c393619
_d393619